[Event "12PCR_F"]
[Site "?"]
[Date "2003.??.??"]
[Round "?"]
[White "Valak, Alois"]
[Black "Portych, Vaclav"]
[Result "1-0"]
[WhiteElo "2257"]
[BlackElo "2148"]
[PlyCount "97"]
[EventDate "2003.??.??"]
[EventType "corr"]
[EventRounds "1"]
[SourceDate "2004.08.30"]

1. e4 c5 2. Nf3 Nc6 3. Nc3 e6 4. d4 cxd4 5. Nxd4 Qc7 6. Be2 a6 7. O-O Nf6 8.
Be3 Nb4 9. f4 d6 10. a3 Nc6 11. Qe1 Be7 12. Rd1 O-O 13. Qg3 d5 14. exd5 exd5
15. Bf3 Be6 16. Nde2 Rad8 17. f5 Qxg3 18. Nxg3 d4 19. fxe6 dxe3 20. exf7+ Kxf7
21. Nce4 Rxd1 22. Rxd1 Nxe4 23. Nxe4 Ne5 24. Kf1 b5 25. Ke2 h6 26. Nc3 Nxf3 27.
Rf1 Rc8 28. Rxf3+ Kg8 29. Rxe3 Bd6 30. h4 b4 31. axb4 Bxb4 32. Kd3 Bxc3 33.
bxc3 Rd8+ 34. Kc4 Rd2 35. g3 Kf7 36. Kc5 Rxc2 37. Kb6 Ra2 38. c4 a5 39. c5 a4
40. Kc7 Rb2 41. Ra3 Rb4 42. c6 Ke7 43. Kc8 g5 44. hxg5 hxg5 45. c7 Rb3 46. Rxa4
Rxg3 47. Ra5 Kf6 48. Kb7 Rc3 49. c8=Q 1-0

[Event "12PCR_F"]
[Site "?"]
[Date "2003.??.??"]
[Round "?"]
[White "Lounek, Jan"]
[Black "Pytlik, Lesek"]
[Result "1-0"]
[WhiteElo "2337"]
[BlackElo "2316"]
[PlyCount "121"]
[EventDate "2003.??.??"]
[EventType "corr"]
[EventRounds "1"]
[SourceDate "2004.08.30"]

1. e4 e5 2. Nf3 Nc6 3. Bb5 a6 4. Ba4 Nf6 5. O-O Be7 6. Re1 b5 7. Bb3 O-O 8. h3
d6 9. c3 Na5 10. Bc2 c5 11. d4 Nd7 12. Nbd2 cxd4 13. cxd4 Nc6 14. Nb3 a5 15.
Bd3 Ba6 16. d5 Nb4 17. Bf1 a4 18. Nbd4 exd4 19. a3 Nxd5 20. exd5 Bf6 21. Nxd4
Qb6 22. Nc6 Bb7 23. Be3 Nc5 24. Bd4 Bxc6 25. Bxf6 Bd7 26. Bc3 Qd8 27. Qd4 Qg5
28. Rad1 f5 29. h4 Qg4 30. Qxg4 fxg4 31. Re7 Rf7 32. Rxf7 Kxf7 33. Bd2 Ne4 34.
Bf4 Ra6 35. Rc1 Rb6 36. Rc7 Ke8 37. Be3 Nc5 38. h5 g6 39. hxg6 hxg6 40. Kh2 b4
41. Bd3 bxa3 42. bxa3 Rb3 43. Bxg6+ Kd8 44. Ra7 Kc8 45. Bxc5 dxc5 46. d6 Rxa3
47. Ra8+ Kb7 48. Be4+ Kb6 49. Rb8+ Ka5 50. Rb7 g3+ 51. fxg3 Re3 52. Bh7 Bc8 53.
d7 Bxd7 54. Rxd7 a3 55. g4 Re5 56. Rb7 c4 57. Bb1 Re2 58. g5 c3 59. Rb3 c2 60.
Bxc2 Rxc2 61. Rxa3+ 1-0

[Event "12PCR_F"]
[Site "?"]
[Date "2003.??.??"]
[Round "?"]
[White "Splichal, Josef"]
[Black "Vozda, Jindrich"]
[Result "0-1"]
[WhiteElo "2217"]
[BlackElo "2494"]
[PlyCount "90"]
[EventDate "2003.??.??"]
[EventType "corr"]
[EventRounds "1"]
[SourceDate "2004.08.30"]

1. e4 e6 2. d4 d5 3. Nc3 Bb4 4. e5 c5 5. a3 Bxc3+ 6. bxc3 Ne7 7. Nf3 h6 8. Bd3
c4 9. Be2 Qa5 10. O-O Bd7 11. a4 Bxa4 12. Ba3 Nbc6 13. Qd2 b5 14. Bc5 Qc7 15.
Nh4 g5 16. Nf3 Ng6 17. Bd6 Qd7 18. g3 f6 19. Ba3 g4 20. Ne1 fxe5 21. Bxg4 h5
22. Bh3 h4 23. Qg5 Qf7 24. dxe5 a5 25. Qg4 Nd8 26. Bd6 Ne7 27. Nf3 Bxc2 28. Ng5
Qf5 29. Qxh4 Rxh4 30. Bxf5 Nxf5 31. gxh4 Nxd6 32. exd6 Kd7 33. f4 Nc6 34. Rf2
Bf5 35. Nf7 d4 36. Rf3 Rg8+ 37. Kf2 Be4 38. Rg3 Rxg3 39. hxg3 dxc3 40. Ng5 Bd3
41. h5 b4 42. h6 b3 43. Rh1 c2 44. h7 Bxh7 45. Rxh7+ Kxd6 0-1

[Event "12PCR_F"]
[Site "?"]
[Date "2003.??.??"]
[Round "?"]
[White "Nosek, Jaroslav"]
[Black "Lounek, Jan"]
[Result "0-1"]
[WhiteElo "2260"]
[BlackElo "2337"]
[PlyCount "110"]
[EventDate "2003.??.??"]
[EventType "corr"]
[EventRounds "1"]
[SourceDate "2004.08.30"]

1. e4 c5 2. Nf3 d6 3. d4 cxd4 4. Nxd4 Nf6 5. Nc3 a6 6. Be3 e6 7. f3 b5 8. Qd2
Nbd7 9. g4 Nb6 10. O-O-O Bb7 11. Qf2 Nfd7 12. Bd3 Rc8 13. Nce2 Nc5 14. Kb1 Nba4
15. Nb3 Be7 16. Nxc5 Nxc5 17. Bxc5 Rxc5 18. h4 O-O 19. f4 f5 20. gxf5 exf5 21.
Qe3 Re8 22. Ng3 Bxh4 23. Rhg1 Qe7 24. e5 Bxg3 25. Qxg3 dxe5 26. Bxf5 exf4 27.
Qxf4 Re5 28. Bd3 Be4 29. Bxe4 Rxe4 30. Qf2 Re2 31. Qd4 Kh8 32. a3 a5 33. Qd5
Qc7 34. Rd2 R2e5 35. Qb3 Qc5 36. Rgd1 h6 37. Rd8 b4 38. Rxe8+ Rxe8 39. Rd5 Qb6
40. Ka2 Re3 41. c3 g5 42. a4 Qe6 43. Rxa5 bxc3 44. bxc3 g4 45. Ra8+ Kg7 46. a5
g3 47. Ra7+ Kf6 48. Ra8 Re2+ 49. Ka3 Qe7+ 50. Qb4 Re5 51. Ra6+ Kf7 52. Qxe7+
Rxe7 53. Rd6 h5 54. Rd1 h4 55. Rg1 Re6 0-1

[Event "12PCR_F"]
[Site "?"]
[Date "2003.??.??"]
[Round "?"]
[White "Valak, Alois"]
[Black "Vozda, Jindrich"]
[Result "1/2-1/2"]
[WhiteElo "2257"]
[BlackElo "2494"]
[PlyCount "82"]
[EventDate "2003.??.??"]
[EventType "corr"]
[EventRounds "1"]
[SourceDate "2004.08.30"]

1. e4 e6 2. d4 d5 3. Nc3 Bb4 4. e5 c5 5. a3 Bxc3+ 6. bxc3 Ne7 7. Qg4 O-O 8. Bd3
f5 9. exf6 Rxf6 10. Bg5 Rf7 11. Qh5 g6 12. Qh4 Nbc6 13. Nf3 Qa5 14. Bd2 c4 15.
Be2 Nf5 16. Qg5 Bd7 17. g4 Nd6 18. h4 Ne4 19. Qe3 e5 20. h5 exd4 21. Nxd4 g5
22. f3 Ng3 23. Nxc6 bxc6 24. Qxg5+ Rg7 25. Qe5 Nxe2 26. Rb1 Qd8 27. Kf2 Rf7 28.
Qxe2 Qf8 29. Rb7 Re8 30. Qd1 Qd6 31. Kg2 c5 32. Re1 Ref8 33. Rxa7 d4 34. Rxd7
Qxd7 35. f4 d3 36. cxd3 Rb8 37. f5 cxd3 38. Qf3 Rd8 39. Re4 Re7 40. Rxe7 Qxe7
41. Kh3 Qe5 1/2-1/2

[Event "12PCR_F"]
[Site "?"]
[Date "2003.??.??"]
[Round "?"]
[White "Valak, Alois"]
[Black "Hladecek, Miloslav"]
[Result "1-0"]
[WhiteElo "2257"]
[BlackElo "2275"]
[PlyCount "107"]
[EventDate "2003.??.??"]
[EventType "corr"]
[EventRounds "1"]
[SourceDate "2004.08.30"]

1. e4 e5 2. Nf3 Nc6 3. Bb5 a6 4. Ba4 Nf6 5. O-O Be7 6. Re1 b5 7. Bb3 d6 8. c3
O-O 9. h3 Na5 10. Bc2 c5 11. d4 Qc7 12. d5 Bd7 13. b3 Nb7 14. Nbd2 Rab8 15. Bb2
c4 16. Ba3 Rfe8 17. bxc4 bxc4 18. Rb1 Bb5 19. Nh4 g6 20. Nhf3 Nh5 21. Bc1 Nf4
22. a4 Bd7 23. Rb4 Na5 24. Nb1 Bf6 25. Be3 Bg7 26. g3 Nxh3+ 27. Kg2 f6 28. Rh1
Ng5 29. Nxg5 fxg5 30. Bxg5 Rb7 31. Na3 Reb8 32. Qe1 Bg4 33. f3 Bd7 34. Be3 h5
35. g4 hxg4 36. Qh4 gxf3+ 37. Kxf3 Kf7 38. Kg2 Rxb4 39. cxb4 Nb3 40. b5 Nd4 41.
Bxd4 exd4 42. e5 d3 43. e6+ Bxe6 44. dxe6+ Kxe6 45. Qe4+ Kd7 46. Bd1 Qb7 47.
Qxb7+ Rxb7 48. bxa6 Rb2+ 49. Kf3 Rb8 50. Rh7 c3 51. Rxg7+ Kc6 52. a7 Re8 53. a5
c2 54. Nxc2 1-0

[Event "12PCR_F"]
[Site "?"]
[Date "2003.??.??"]
[Round "?"]
[White "Kratochvil, Vaclav"]
[Black "Portych, Vaclav"]
[Result "0-1"]
[WhiteElo "2156"]
[BlackElo "2148"]
[PlyCount "86"]
[EventDate "2003.??.??"]
[EventType "corr"]
[EventRounds "1"]
[SourceDate "2004.08.30"]

1. e4 c5 2. Nf3 Nc6 3. d4 cxd4 4. Nxd4 Nf6 5. Nc3 e5 6. Ndb5 d6 7. Bg5 a6 8.
Na3 b5 9. Bxf6 gxf6 10. Nd5 f5 11. c3 Bg7 12. exf5 Bxf5 13. Nc2 O-O 14. Nce3
Be6 15. Bd3 f5 16. Bc2 f4 17. Qh5 Rf7 18. Qxh7+ Kf8 19. Bf5 Qc8 20. Qg6 Bxf5
21. Qxd6+ Ne7 22. Nxe7 Rxe7 23. Nd5 Qd7 24. Qxe7+ Qxe7 25. Nxe7 Kxe7 26. a3 Bf6
27. Rd1 e4 28. g3 Rh8 29. h4 Bg4 30. Rd2 Bf3 31. Rh3 Be5 32. gxf4 Bxf4 33. Rd4
Bc1 34. b3 Bxa3 35. h5 Bd6 36. h6 Be5 37. Kd2 Rxh6 38. Rxh6 Bf4+ 39. Kc2 Bxh6
40. c4 Bg7 41. Rd2 b4 42. Rd5 Bc3 43. Ra5 Bd4 0-1

[Event "12PCR_F"]
[Site "?"]
[Date "2003.??.??"]
[Round "?"]
[White "Hladecek, Miloslav"]
[Black "Chvojka, Jaroslav"]
[Result "1/2-1/2"]
[WhiteElo "2275"]
[BlackElo "2175"]
[PlyCount "78"]
[EventDate "2003.??.??"]
[EventType "corr"]
[EventRounds "1"]
[SourceDate "2004.08.30"]

1. e4 e5 2. Nf3 Nc6 3. Bc4 Bc5 4. d3 Nge7 5. Ng5 d5 6. exd5 Nxd5 7. Nc3 Bb4 8.
Qf3 Be6 9. Nxe6 fxe6 10. Bd2 Nf4 11. Bb5 O-O 12. Bxc6 bxc6 13. O-O Rb8 14. Rae1
Ba5 15. Qxc6 Rxb2 16. Rxe5 Rxc2 17. Bxf4 Qf6 18. Rxa5 Rxc3 19. Qd7 Qxf4 20.
Qxe6+ Rf7 21. g3 Qd6 22. Qxd6 cxd6 23. d4 Rc4 24. d5 Rc2 25. a3 h6 26. Ra6 Rd7
27. Kg2 Kh7 28. Kf3 Rd2 29. Ra5 Kg6 30. Ke3 Rc2 31. Ra6 Kf5 32. Rd1 g5 33. h4
g4 34. h5 Kg5 35. Rc6 Ra2 36. Rd3 Kxh5 37. f4 gxf3 38. Kxf3 Ra1 39. Ke3 Rg1
1/2-1/2

[Event "12PCR_F"]
[Site "?"]
[Date "2003.??.??"]
[Round "?"]
[White "Splichal, Josef"]
[Black "Chvojka, Jaroslav"]
[Result "1/2-1/2"]
[WhiteElo "2217"]
[BlackElo "2175"]
[PlyCount "108"]
[EventDate "2003.??.??"]
[EventType "corr"]
[EventRounds "1"]
[SourceDate "2004.08.30"]

1. e4 e5 2. Nf3 Nc6 3. Bb5 a6 4. Ba4 Nf6 5. O-O Be7 6. Re1 b5 7. Bb3 d6 8. c3
O-O 9. h3 Bb7 10. d4 Na5 11. Bc2 c5 12. d5 Nc4 13. Nbd2 Nxd2 14. Bxd2 Nd7 15.
a4 c4 16. Be3 Qc7 17. Ng5 Nc5 18. axb5 axb5 19. Qh5 Bxg5 20. Bxg5 f6 21. Be3
Nd3 22. Rxa8 Rxa8 23. Rb1 Nc5 24. Bxc5 Qxc5 25. Bd1 g6 26. Qh6 Qc7 27. Qe3 Bc8
28. h4 f5 29. h5 fxe4 30. hxg6 hxg6 31. Bc2 Bf5 32. Bxe4 Bxe4 33. Qxe4 Kg7 34.
Qg4 Qf7 35. Qg5 Qf6 36. Qe3 Ra6 37. Rf1 Qf7 38. Qg5 Ra7 39. Rd1 Ra8 40. Re1 Qa7
41. Rd1 Rh8 42. Qg4 Rf8 43. Qe2 Rf4 44. Qe1 Qa2 45. Qe2 Qa4 46. Qd2 Qa8 47. Qe3
Rf7 48. Qe2 Rf5 49. Qe3 Qa6 50. Qd2 Qa2 51. Qe1 Qa7 52. Ra1 Qc5 53. Rd1 Rf8 54.
Qd2 Qa7 1/2-1/2

[Event "12PCR_F"]
[Site "?"]
[Date "2003.??.??"]
[Round "?"]
[White "Lounek, Jan"]
[Black "Hladecek, Miloslav"]
[Result "1-0"]
[WhiteElo "2337"]
[BlackElo "2275"]
[PlyCount "89"]
[EventDate "2003.??.??"]
[EventType "corr"]
[EventRounds "1"]
[SourceDate "2004.08.30"]

1. e4 e5 2. Nf3 Nf6 3. d4 exd4 4. e5 Ne4 5. Qxd4 d5 6. exd6 Nxd6 7. Nc3 Nc6 8.
Qf4 Nf5 9. Bb5 Bd6 10. Qe4+ Nfe7 11. Bg5 h6 12. Bh4 f5 13. Qc4 g5 14. Bxg5 hxg5
15. Nxg5 Nd5 16. Bxc6+ bxc6 17. Qxc6+ Bd7 18. Qxd5 Qe7+ 19. Kf1 c6 20. Qd2
O-O-O 21. Re1 Qf8 22. Qd4 Kb7 23. Nf7 Qxf7 24. Qxd6 Qc4+ 25. Kg1 Bc8 26. Re7+
Ka8 27. Qc7 Qa6 28. h4 Rd2 29. h5 Rxc2 30. Rh4 Qb6 31. Qxb6 axb6 32. Re2 Rxe2
33. Nxe2 Kb7 34. h6 Bd7 35. Nf4 Kc7 36. h7 Be8 37. Rh6 Kd7 38. Kh2 Ke7 39. Kg3
Kf7 40. Kh4 Kg7 41. Kg5 c5 42. Nh5+ Bxh5 43. Rxh5 b5 44. f4 b4 45. b3 1-0

[Event "12PCR_F"]
[Site "?"]
[Date "2003.??.??"]
[Round "?"]
[White "Chvojka, Jaroslav"]
[Black "Glembek, Bohumir"]
[Result "1-0"]
[WhiteElo "2175"]
[BlackElo "2122"]
[PlyCount "89"]
[EventDate "2003.??.??"]
[EventType "corr"]
[EventRounds "1"]
[SourceDate "2004.08.30"]

1. d4 Nf6 2. Bg5 e6 3. e4 h6 4. Bxf6 Qxf6 5. e5 Qd8 6. Nc3 d5 7. Qg4 Qg5 8.
Qxg5 hxg5 9. Nb5 Na6 10. O-O-O Bd7 11. Be2 c5 12. Nf3 g4 13. Nd2 Kd8 14. f4 Nb4
15. dxc5 Bxc5 16. Kb1 Ke7 17. Nc3 g5 18. Bxg4 gxf4 19. a3 Nc6 20. Nf3 Bb6 21.
Rhe1 Rh6 22. h3 Rc8 23. Ne2 Be3 24. Nc3 Bf2 25. Re2 Bg3 26. Red2 Rd8 27. Rf1
Be8 28. Kc1 f5 29. exf6+ Rxf6 30. Rfd1 Bg6 31. b4 Re8 32. Re2 Kf8 33. Ng5 Nd8
34. Nb5 f3 35. Nxf3 Nc6 36. Nc3 b6 37. Kb1 Kg7 38. b5 Nd8 39. Kb2 Nb7 40. Ne5
Bxe5 41. Rxe5 Nc5 42. Re2 Ref8 43. Rdd2 Kh6 44. g3 Rf2 45. Rxf2 1-0

[Event "12PCR_F"]
[Site "?"]
[Date "2003.??.??"]
[Round "?"]
[White "Batka, Josef"]
[Black "Glembek, Bohumir"]
[Result "1-0"]
[WhiteElo "2243"]
[BlackElo "2122"]
[PlyCount "91"]
[EventDate "2003.??.??"]
[EventType "corr"]
[EventRounds "1"]
[SourceDate "2004.08.30"]

1. e4 e5 2. Nc3 Nf6 3. Bc4 Nc6 4. d3 Na5 5. Nge2 Nxc4 6. dxc4 Bc5 7. O-O d6 8.
Qd3 Be6 9. b3 O-O 10. Bg5 h6 11. Bh4 g5 12. Bg3 a5 13. Rad1 h5 14. h3 h4 15.
Bh2 g4 16. Kh1 Nd7 17. hxg4 Bxg4 18. f3 Bh5 19. f4 exf4 20. Rxf4 Ne5 21. Qh3
Ng6 22. Rf5 Bxe2 23. Nxe2 Qe7 24. Qg4 Rae8 25. e5 dxe5 26. Rxe5 Qxe5 27. Bxe5
Rxe5 28. Nd4 Rfe8 29. Nf5 b6 30. Rf1 Re1 31. Rxe1 Rxe1+ 32. Kh2 Bg1+ 33. Kh3
Bc5 34. Qg5 Be7 35. Nxe7+ Rxe7 36. c5 Kg7 37. cxb6 cxb6 38. Qd2 Re6 39. c4 f5
40. Kh2 Kf6 41. c5 bxc5 42. Qxa5 Rc6 43. a4 Ne5 44. Qd8+ Ke6 45. a5 c4 46. a6
1-0

[Event "12PCR_F"]
[Site "?"]
[Date "2003.??.??"]
[Round "?"]
[White "Valak, Alois"]
[Black "Nedoma, Petr"]
[Result "1/2-1/2"]
[WhiteElo "2257"]
[BlackElo "2224"]
[PlyCount "96"]
[EventDate "2003.??.??"]
[EventType "corr"]
[EventRounds "1"]
[SourceDate "2004.08.30"]

1. e4 e5 2. Nf3 d6 3. Bc4 Be7 4. Nc3 Nf6 5. d4 exd4 6. Nxd4 O-O 7. f3 Nbd7 8.
Nf5 Nb6 9. Nxe7+ Qxe7 10. Bb3 a5 11. a3 a4 12. Ba2 Be6 13. Be3 Bxa2 14. Rxa2 c5
15. Bf2 d5 16. O-O d4 17. Ne2 Rfd8 18. Qd3 Qe6 19. Raa1 Nfd7 20. Qb5 Qc4 21.
Qxc4 Nxc4 22. b3 axb3 23. cxb3 Nce5 24. Nf4 f6 25. Nd5 Kf7 26. a4 Nc6 27. Rad1
Ne7 28. Nc7 Rac8 29. Nb5 Rc6 30. Rd2 Nf8 31. b4 cxb4 32. Rb1 d3 33. Rdd1 Rc4
34. Bg3 Nc8 35. Be1 Ne6 36. Bxb4 Nd4 37. Na3 Rc6 38. Be1 b6 39. Kf2 Ne6 40. Ke3
Rc2 41. Rd2 Rc3 42. Nb5 Rc4 43. Rxd3 Rxd3+ 44. Kxd3 Rxa4 45. g4 Nf4+ 46. Kc3
Ne6 47. h4 Ra2 48. Kc4 Rh2 1/2-1/2

[Event "12PCR_F"]
[Site "?"]
[Date "2003.??.??"]
[Round "?"]
[White "Portych, Vaclav"]
[Black "Batka, Josef"]
[Result "1/2-1/2"]
[WhiteElo "2148"]
[BlackElo "2243"]
[PlyCount "69"]
[EventDate "2003.??.??"]
[EventType "corr"]
[EventRounds "1"]
[SourceDate "2004.08.30"]

1. c4 Nf6 2. Nc3 e6 3. Nf3 Bb4 4. g3 O-O 5. Bg2 d5 6. cxd5 exd5 7. d4 c6 8. O-O
Nbd7 9. a3 Bd6 10. b4 a6 11. Ne1 Re8 12. Nd3 Nb6 13. Re1 Nc4 14. Nb2 Nxb2 15.
Bxb2 Bf5 16. Qd2 Qd7 17. f3 Rad8 18. e4 dxe4 19. fxe4 Bg6 20. Rad1 Bb8 21. Kh1
Bh5 22. Ra1 Qxd4 23. Qxd4 Rxd4 24. Nd5 Rd3 25. Nxf6+ gxf6 26. Bxf6 Be5 27. Bxe5
Rxe5 28. Kg1 Kg7 29. Ra2 Bg6 30. Kf2 f6 31. Re3 Rd4 32. Rae2 h6 33. g4 b6 34.
Kg3 c5 35. bxc5 1/2-1/2

[Event "12PCR_F"]
[Site "?"]
[Date "2003.??.??"]
[Round "?"]
[White "Batka, Josef"]
[Black "Svrsek, Radomir"]
[Result "1/2-1/2"]
[WhiteElo "2243"]
[BlackElo "2237"]
[PlyCount "75"]
[EventDate "2003.??.??"]
[EventType "corr"]
[EventRounds "1"]
[SourceDate "2004.08.30"]

1. e4 c6 2. c4 d5 3. exd5 Nf6 4. Nc3 cxd5 5. d4 Nc6 6. Bg5 dxc4 7. Bxc4 Qxd4 8.
Qxd4 Nxd4 9. O-O-O e5 10. f4 Bg4 11. Nf3 Bxf3 12. gxf3 Rc8 13. fxe5 Rxc4 14.
exf6 Ne6 15. Rhe1 g6 16. Kb1 a6 17. Ne4 h5 18. a3 h4 19. Be3 Rh5 20. Ng5 Rc6
21. f4 Bh6 22. h3 Bxg5 23. fxg5 Rc7 24. Rd5 Rd7 25. Re5 Rd3 26. Kc2 Rd6 27. a4
Kd7 28. b4 Rh8 29. Bc5 Rc8 30. a5 Rd4 31. Kc3 Rf4 32. Rd5+ Ke8 33. Re3 Rd8 34.
Bd6 Rf1 35. Kc2 Rf2+ 36. Kb3 Rd7 37. Rdd3 Rg2 38. Rd5 1/2-1/2

[Event "12PCR_F"]
[Site "?"]
[Date "2003.??.??"]
[Round "?"]
[White "Svrsek, Radomir"]
[Black "Portych, Vaclav"]
[Result "1/2-1/2"]
[WhiteElo "2237"]
[BlackElo "2148"]
[PlyCount "118"]
[EventDate "2003.??.??"]
[EventType "corr"]
[EventRounds "1"]
[SourceDate "2004.08.30"]

1. Nf3 Nf6 2. d4 e6 3. Bg5 c5 4. e4 cxd4 5. Qxd4 Nc6 6. Qd3 h6 7. Bxf6 Qxf6 8.
c3 Bc5 9. Nbd2 O-O 10. Be2 Rd8 11. Nb3 Bf8 12. Rd1 d5 13. O-O dxe4 14. Qxe4 Bd7
15. Bd3 g6 16. Qe2 Rac8 17. Rd2 Bd6 18. Be4 Bf4 19. Rd3 Ne5 20. Nxe5 Qxe5 21.
Rfd1 Bxh2+ 22. Kh1 Rc7 23. g3 f5 24. Bf3 Qxe2 25. Bxe2 Bxg3 26. Rxg3 Bc6+ 27.
Kg1 Rxd1+ 28. Bxd1 Kf7 29. f4 Bd5 30. Nd4 Bxa2 31. Rh3 h5 32. b3 Bb1 33. Re3
Re7 34. Nf3 Kf6 35. Kf2 b5 36. Be2 a6 37. c4 bxc4 38. Bxc4 Be4 39. Ng5 e5 40.
Nxe4+ fxe4 41. Rxe4 exf4 42. Rxf4+ Ke5 43. Kf3 a5 44. Re4+ Kf6 45. Rd4 g5 46.
Rd5 Ra7 47. Bb5 Rc7 48. Ke4 Re7+ 49. Kd4 Rb7 50. Ba4 Ra7 51. Ke3 Re7+ 52. Kf3
Re5 53. Rd6+ Re6 54. Rd8 Re5 55. Rf8+ Ke6 56. Rh8 g4+ 57. Kg3 Kd5 58. Kh4 Kd4
59. Rc8 Rc5 1/2-1/2

[Event "12PCR_F"]
[Site "?"]
[Date "2003.??.??"]
[Round "?"]
[White "Pytlik, Lesek"]
[Black "Nedoma, Petr"]
[Result "1-0"]
[WhiteElo "2316"]
[BlackElo "2224"]
[PlyCount "95"]
[EventDate "2003.??.??"]
[EventType "corr"]
[EventRounds "1"]
[SourceDate "2004.08.30"]

1. Nf3 Nf6 2. g3 d5 3. Bg2 c5 4. O-O Nc6 5. d3 e5 6. Nc3 d4 7. Nb5 Be7 8. e4 a6
9. Na3 b5 10. Nb1 O-O 11. a4 Be6 12. Ng5 Bg4 13. f3 Bh5 14. Nh3 Qd7 15. Nf2 Qe6
16. Na3 Bd6 17. Bg5 c4 18. Bh3 Qe7 19. axb5 Bxa3 20. bxc6 Bxb2 21. Ra4 c3 22.
Bg4 Bg6 23. Bd7 h6 24. Bxf6 Qxf6 25. f4 Qd6 26. Qg4 Rfd8 27. fxe5 Qxe5 28. Qf4
Qc5 29. e5 Qb5 30. Rxd4 Kh7 31. h4 Kh8 32. Kg2 Ba3 33. h5 Bh7 34. Ne4 Bg8 35.
Nd6 Qb2 36. Nc4 Qxc2+ 37. Rf2 Qb3 38. Nxa3 Qxa3 39. Rd6 Bh7 40. c7 Rg8 41. Qc4
a5 42. Rxf7 Qc1 43. c8=Q Raxc8 44. Bxc8 c2 45. Rf2 Qg5 46. Rxc2 Qxe5 47. Qc6
Qxh5 48. Be6 1-0

[Event "12PCR_F"]
[Site "?"]
[Date "2003.??.??"]
[Round "?"]
[White "Glembek, Bohumir"]
[Black "Kratochvil, Vaclav"]
[Result "1/2-1/2"]
[WhiteElo "2122"]
[BlackElo "2156"]
[PlyCount "107"]
[EventDate "2003.??.??"]
[EventType "corr"]
[EventRounds "1"]
[SourceDate "2004.08.30"]

1. d4 d5 2. c4 c6 3. Nc3 Nf6 4. e3 Bg4 5. Qb3 Qb6 6. Qxb6 axb6 7. f3 Be6 8.
Nge2 Na6 9. Nf4 Bf5 10. cxd5 Nb4 11. Kd2 Nc2 12. Rb1 Nxe3 13. Kxe3 Bxb1 14.
dxc6 bxc6 15. Nxb1 Rxa2 16. Be2 e6 17. Nc3 Ra1 18. Kf2 Be7 19. Re1 Nd5 20.
Ncxd5 exd5 21. Nd3 O-O 22. Be3 Rxe1 23. Kxe1 Ra8 24. Ne5 c5 25. Nd7 cxd4 26.
Bxd4 Ra4 27. Bf2 Ra2 28. g3 Rxb2 29. Bd4 Rb4 30. Bxb6 Rb2 31. Bd4 Bb4+ 32. Kf2
Ra2 33. Nb6 Ra5 34. f4 Bd6 35. Bf3 Bc5 36. Bxc5 Rxc5 37. Nxd5 Rc2+ 38. Be2 Rd2
39. Ne3 Rd4 40. h3 Rd2 41. Kf3 h5 42. Bc4 g6 43. g4 Kg7 44. g5 f5 45. gxf6+
Kxf6 46. Nd5+ Kg7 47. h4 Rd1 48. Ne3 Rh1 49. Kg3 Rg1+ 50. Kf2 Rh1 51. Bd5 Ra1
52. Be4 Ra4 53. Kf3 Ra3 54. Ke2 1/2-1/2

[Event "12PCR_F"]
[Site "?"]
[Date "2003.??.??"]
[Round "?"]
[White "Splichal, Josef"]
[Black "Hladecek, Miloslav"]
[Result "1/2-1/2"]
[WhiteElo "2217"]
[BlackElo "2275"]
[PlyCount "123"]
[EventDate "2003.??.??"]
[EventType "corr"]
[EventRounds "1"]
[SourceDate "2004.08.30"]

1. e4 e5 2. Nf3 Nf6 3. d4 exd4 4. e5 Ne4 5. Qxd4 d5 6. exd6 Nxd6 7. Bd3 Nc6 8.
Qf4 Qf6 9. Qxf6 gxf6 10. Bf4 Nb4 11. Nc3 Nxd3+ 12. cxd3 Be6 13. O-O O-O-O 14.
Rac1 c6 15. d4 Nf5 16. Rfd1 Ne7 17. Nd2 Ng6 18. Be3 Kb8 19. d5 cxd5 20. Nb5 b6
21. Nf3 Rd7 22. Nfd4 Kb7 23. Rc2 a6 24. Nc3 f5 25. f3 Be7 26. Na4 f4 27. Bf2
Rd6 28. b4 Ne5 29. Nc3 Rc8 30. b5 Rdd8 31. bxa6+ Kxa6 32. a4 Nc4 33. Nce2 Bd6
34. Ra2 Rg8 35. Kh1 Rg6 36. Rb1 h5 37. Nc2 Bf5 38. Rb3 Re8 39. Nb4+ Bxb4 40.
Rxb4 Rge6 41. Nxf4 Re1+ 42. Bg1 Rd1 43. Re2 Rxe2 44. Nxe2 Bd7 45. Nc3 Ka5 46.
Nxd5 Ne5 47. Rd4 Nd3 48. Rxd3 Rxd3 49. Bxb6+ Kxa4 50. Nf6 h4 51. Nxd7 Rd1+ 52.
Bg1 Rxd7 53. h3 Rd8 54. Kh2 Kb5 55. Bf2 Rh8 56. g3 Kc4 57. gxh4 Kd5 58. Kg3 Ke5
59. Be3 Kf5 60. Bg5 Re8 61. Kf2 Rc8 62. Be3 1/2-1/2

[Event "12PCR_F"]
[Site "?"]
[Date "2003.??.??"]
[Round "?"]
[White "Nosek, Jaroslav"]
[Black "Nejtek, Jiri"]
[Result "0-1"]
[WhiteElo "2265"]
[BlackElo "2291"]
[PlyCount "86"]
[EventDate "2003.??.??"]
[EventType "corr"]
[EventRounds "1"]
[SourceDate "2004.08.30"]

1. e4 c5 2. Nf3 d6 3. d4 cxd4 4. Nxd4 Nf6 5. Nc3 a6 6. Be3 e5 7. Nb3 Be6 8. Qd2
Be7 9. Be2 Nbd7 10. Rd1 O-O 11. O-O b5 12. f4 Rc8 13. a3 Qc7 14. Nc1 Nb6 15. f5
Nc4 16. Bxc4 Bxc4 17. Nd3 d5 18. Nxd5 Nxd5 19. exd5 Rfd8 20. Qf2 e4 21. Bb6 Qb7
22. Nf4 Bxf1 23. Rxf1 Bd6 24. c3 f6 25. Ne6 Rd7 26. Rd1 Be5 27. Be3 Rxd5 28.
Re1 Qc6 29. Bd4 Bxd4 30. Nxd4 Qe8 31. Qf4 Re5 32. Ne6 Qc6 33. Re3 Qb6 34. Nd4
a5 35. h3 b4 36. axb4 axb4 37. Kh2 bxc3 38. bxc3 Rec5 39. Qg3 Qc7 40. Qxc7
R8xc7 41. Rxe4 Re5 42. Rxe5 fxe5 43. Ne2 Kf7 0-1

[Event "12PCR_F"]
[Site "?"]
[Date "2003.??.??"]
[Round "?"]
[White "Hladecek, Miloslav"]
[Black "Vozda, Jindrich"]
[Result "0-1"]
[WhiteElo "2275"]
[BlackElo "2494"]
[PlyCount "108"]
[EventDate "2003.??.??"]
[EventType "corr"]
[EventRounds "1"]
[SourceDate "2004.08.30"]

1. e4 e6 2. d4 d5 3. Nc3 Bb4 4. e5 c5 5. Bd2 Ne7 6. Nb5 Bxd2+ 7. Qxd2 O-O 8.
dxc5 b6 9. cxb6 Qxb6 10. Qd4 Qb7 11. Qc3 Nbc6 12. Nf3 Qb8 13. O-O-O Ba6 14. Nd6
Qb6 15. Qe3 Bxf1 16. Rhxf1 Qa6 17. Qa3 Qxa3 18. bxa3 Rfd8 19. Nb5 Rab8 20. Nbd4
Na5 21. Nd2 Rb6 22. f4 Rdb8 23. N4b3 Nac6 24. c4 Rc8 25. Kb2 a5 26. a4 g5 27.
g3 Nb4 28. a3 dxc4 29. axb4 Rxb4 30. Rc1 cxb3 31. Rxc8+ Nxc8 32. fxg5 Nb6 33.
Nxb3 Rxa4 34. Rf4 Rxf4 35. gxf4 a4 36. Nd4 Kg7 37. Ka3 Kg6 38. Nc6 Kf5 39. Nd8
Nc4+ 40. Kxa4 Kxf4 41. Nxf7 Nxe5 42. Nd8 Kf5 43. Kb4 Nf3 44. g6 hxg6 45. h3 e5
46. Kc3 e4 47. Nb7 Kf4 48. Nc5 g5 49. Kc4 Ne5+ 50. Kc3 Ke3 51. Nb3 Nf3 52. Nc5
Ng1 53. Nd7 Nxh3 54. Ne5 Nf2 0-1

[Event "12PCR_F"]
[Site "?"]
[Date "2003.??.??"]
[Round "?"]
[White "Vozda, Jindrich"]
[Black "Lounek, Jan"]
[Result "1-0"]
[WhiteElo "2494"]
[BlackElo "2337"]
[PlyCount "101"]
[EventDate "2003.??.??"]
[EventType "corr"]
[EventRounds "1"]
[SourceDate "2004.08.30"]

1. e4 c5 2. Nf3 d6 3. d4 cxd4 4. Nxd4 Nf6 5. Nc3 a6 6. Be2 e5 7. Nb3 Be7 8. O-O
Be6 9. f4 Qc7 10. Nd5 Bxd5 11. exd5 Nbd7 12. c4 O-O 13. Be3 Rfe8 14. Kh1 exf4
15. Bxf4 Bf8 16. Rc1 Qb6 17. Rc3 g6 18. Bf3 Bg7 19. Qc1 Ne5 20. Be3 Qd8 21. Bg5
Qb6 22. Be3 Qd8 23. Bd4 b5 24. cxb5 axb5 25. a3 Rc8 26. Qf4 Rxc3 27. Bxc3 Qc8
28. h3 Qd7 29. Nd2 Qb7 30. Rd1 Qc8 31. Nf1 g5 32. Qe3 g4 33. hxg4 Nfxg4 34.
Bxg4 Nxg4 35. Qg5 f6 36. Qf4 Re4 37. Qf3 f5 38. Nh2 Bxc3 39. bxc3 Ne3 40. Qg3+
Kh8 41. Rb1 Qg8 42. Qxg8+ Kxg8 43. Rxb5 Rc4 44. Nf3 Rxc3 45. a4 Ra3 46. Rb6 f4
47. Rb4 Nxd5 48. Rd4 Nc3 49. Rd3 Ra1+ 50. Kh2 Rxa4 51. Rxc3 1-0

[Event "12PCR_F"]
[Site "?"]
[Date "2003.??.??"]
[Round "?"]
[White "Pytlik, Lesek"]
[Black "Batka, Josef"]
[Result "1/2-1/2"]
[WhiteElo "2316"]
[BlackElo "2243"]
[PlyCount "73"]
[EventDate "2003.??.??"]
[EventType "corr"]
[EventRounds "1"]
[SourceDate "2004.08.30"]

1. Nf3 Nf6 2. g3 g6 3. Bg2 Bg7 4. O-O O-O 5. d3 d5 6. Nc3 Nc6 7. e4 dxe4 8.
dxe4 Bg4 9. h3 Be6 10. Qe2 Qc8 11. Kh2 Rd8 12. Be3 Ne8 13. Rfd1 Nd6 14. Nd4
Nxd4 15. Bxd4 Bc4 16. Qe3 e5 17. Bc5 b6 18. Bxd6 Rxd6 19. Rxd6 cxd6 20. Rd1 Qc7
21. a3 Rd8 22. Rd2 Be6 23. h4 h5 24. Bh3 Kh7 25. Bxe6 fxe6 26. Qd3 Bh6 27. Rd1
Bf8 28. Kg2 Be7 29. Qa6 Kg7 30. Rd3 Rd7 31. Rd2 Qc6 32. Qe2 Rd8 33. Kg1 Rc8 34.
Qa6 Rc7 35. Qf1 Rc8 36. a4 Qc4 37. Qxc4 1/2-1/2